Normal view
MARC view
- Ameer Hamza Cheema
Entry Personal Name
001 - CONTROL NUMBER
- control field: 93480
003 - CONTROL NUMBER IDENTIFIER
- control field: NUST
005 - DATE AND TIME OF LATEST TRANSACTION
- control field: 20220713171502.0
008 - FIXED-LENGTH DATA ELEMENTS
- fixed length control field: 220713|| aca||aabn | a|a d
040 ## - CATALOGING SOURCE
- Original cataloging agency: NUST
- Transcribing agency: NUST
100 ## - HEADING--PERSONAL NAME
- Personal name: Ameer Hamza Cheema
670 ## - SOURCE DATA FOUND
- Source citation: Work cat.: (NUST)13633: Ameer Hamza Cheema, Smart solar energy system with improved power factor, 2016
